[Event "Bayerische EM 2014 Allg. Gruppe"]
[Site "Westerndorf St. Peter/Rosenheim"]
[Date "2014.08.24"]
[Round "3.13"]
[White "Probst, Albert"]
[Black "Lochte, Thomas"]
[Result "1-0"]
[WhiteElo "2102"]
[BlackElo "2108"]
[PlyCount "115"]
[EventDate "2014.??.??"]
[WhiteTeam "SK Bruckmühl e.V."]
[BlackTeam "SK Weilheim"]

1. f4 e5 2. fxe5 d6 3. exd6 Bxd6 4. Nf3 g5 5. d4 g4 6. Ng5 Be7 7. Nxf7 Kxf7 8.
e4 Nf6 9. Bc4+ Ke8 10. O-O Nc6 11. c3 Ne5 12. Bb3 Ng6 13. Qe2 g3 14. Qc4 Qd6
15. Qf7+ Kd8 16. e5 Nxe5 17. dxe5 Qc5+ 18. Kh1 Ng4 19. Rd1+ Bd7 20. Rxd7+ Kxd7
21. Qe6+ Ke8 22. Qxg4 Qf2 23. Qh5+ Kd8 24. Qd1+ Kc8 25. Qg1 Rf8 26. hxg3 Qxg3
27. Be6+ Kb8 28. Bh6 Qh4+ 29. Bh3 Qxh6 30. Na3 b6 31. Nb5 Kb7 32. Qh2 Bg5 33.
Qg3 Rf4 34. Nd4 Raf8 35. Nf3 Be7 36. Rd1 Qc6 37. Qg7 Rxf3 38. gxf3 Rxf3 39. Bg2
Rh3+ 40. Kg1 Bc5+ 41. Rd4 Bxd4+ 42. cxd4 Rf3 43. Qf6 Qc1+ 44. Kh2 c6 45. Qxf3
Qh6+ 46. Kg1 Qc1+ 47. Qf1 Qe3+ 48. Qf2 Qc1+ 49. Kh2 Qh6+ 50. Bh3 Qg5 51. Qf7+
Ka6 52. Bc8+ Ka5 53. Qxa7+ Kb4 54. Qxb6+ Kc4 55. Ba6+ Kd5 56. Qc5+ Ke4 57.
Qxc6+ Kxd4 58. Qc4+ 1-0

[Event "Bayerische EM 2014 Allg. Gruppe"]
[Site "Westerndorf St. Peter/Rosenheim"]
[Date "2014.08.24"]
[Round "3.14"]
[White "Kunz, Konstantin"]
[Black "Höller, Armin"]
[Result "1-0"]
[WhiteElo "2235"]
[BlackElo "2035"]
[PlyCount "67"]
[EventDate "2014.??.??"]
[WhiteTeam "SC Kitzingen von 1905"]
[BlackTeam "SK Weilheim"]

1. d4 f5 2. Nf3 Nf6 3. h3 e6 4. Bf4 d5 5. e3 c6 6. c4 Be7 7. Nc3 O-O 8. Qc2 Ne4
9. Bd3 Nd7 10. g4 Ndf6 11. Rg1 Nxc3 12. bxc3 Ne4 13. gxf5 exf5 14. cxd5 cxd5
15. c4 Be6 16. Be5 Bf6 17. Bxf6 Qxf6 18. Qb3 f4 19. cxd5 Nxf2 20. dxe6 Nxd3+
21. Qxd3 fxe3 22. Rf1 Qxe6 23. Qxh7+ Kxh7 24. Ng5+ Kh6 25. Nxe6 Rxf1+ 26. Kxf1
Re8 27. d5 Kg6 28. Ke2 Kf6 29. Kxe3 Rh8 30. Rh1 g5 31. Rf1+ Kg6 32. Rf3 Rc8 33.
Kd4 Rc1 34. d6 1-0

[Event "Bayerische EM 2014 Allg. Gruppe"]
[Site "Westerndorf St. Peter/Rosenheim"]
[Date "2014.08.24"]
[Round "3.15"]
[White "Wilfert, André"]
[Black "Braun, Thomas"]
[Result "1/2-1/2"]
[WhiteElo "2065"]
[BlackElo "2151"]
[PlyCount "35"]
[EventDate "2014.??.??"]
[WhiteTeam "1.FC Marktleuthen"]
[BlackTeam "FC Bayern München e.V."]

1. d4 Nf6 2. Nf3 e6 3. e3 c5 4. Bd3 Nc6 5. c3 d5 6. Nbd2 Bd6 7. O-O O-O 8. Re1
e5 9. e4 cxd4 10. cxd4 Bg4 11. h3 Bh5 12. dxe5 Nxe5 13. Be2 Bxf3 14. Bxf3 d4
15. Nb3 Bb4 16. Bd2 Bxd2 17. Qxd2 Nxf3+ 18. gxf3 1/2-1/2

[Event "Bayerische EM 2014 Allg. Gruppe"]
[Site "Westerndorf St. Peter/Rosenheim"]
[Date "2014.08.24"]
[Round "3.16"]
[White "Köhler, Max"]
[Black "Shashkin, Igor"]
[Result "0-1"]
[WhiteElo "1587"]
[BlackElo "2115"]
[PlyCount "74"]
[EventDate "2014.??.??"]
[WhiteTeam "SC Tarrasch 45 München"]
[BlackTeam "PTSV SK Hof 1892"]

1. e4 c5 2. Nf3 g6 3. d4 cxd4 4. Nxd4 Bg7 5. Be3 Nc6 6. Bc4 Nf6 7. f3 O-O 8.
O-O Qb6 9. Bb3 Ng4 10. fxg4 Bxd4 11. Bxd4 Qxd4+ 12. Qxd4 Nxd4 13. Nc3 d6 14.
Nd5 Nc6 15. Ba4 e6 16. Bxc6 bxc6 17. Ne7+ Kg7 18. e5 dxe5 19. Nxc6 e4 20. Rad1
Bb7 21. Ne5 Ba6 22. Rf4 f5 23. c4 Rfd8 24. Rff1 Kf6 25. Nd7+ Ke7 26. Ne5 Rd6
27. Rxd6 Kxd6 28. Nf7+ Kc5 29. b3 Re8 30. Rd1 Kb4 31. Kf2 f4 32. Ng5 e3+ 33.
Ke2 e5 34. Nxh7 Rh8 35. Rd7 Bc8 36. Rxa7 Bxg4+ 37. Ke1 Rd8 0-1

[Event "Bayerische EM 2014 Allg. Gruppe"]
[Site "Westerndorf St. Peter/Rosenheim"]
[Date "2014.08.25"]
[Round "4.1"]
[White "Schmid, Roland"]
[Black "Berchtenbreiter, Maximilian"]
[Result "0-1"]
[WhiteElo "2252"]
[BlackElo "2412"]
[PlyCount "38"]
[EventDate "2014.??.??"]
[WhiteTeam "TSV Wacker Neutraubling"]
[BlackTeam "SG Pang-Rosenheim 1910 e.V."]

1. d4 Nf6 2. c4 a6 3. Nc3 c5 4. d5 b5 5. f3 b4 6. Nb1 g6 7. e4 Bg7 8. a3 bxa3
9. Rxa3 O-O 10. Nc3 e6 11. Bg5 h6 12. Be3 exd5 13. Nxd5 Nxd5 14. Qxd5 Nc6 15.
Qxc5 Rb8 16. Bd3 Re8 17. Bc1 Bd4 18. Qd5 Re5 19. Qd6 Bc5 0-1

[Event "Bayerische EM 2014 Allg. Gruppe"]
[Site "Westerndorf St. Peter/Rosenheim"]
[Date "2014.08.25"]
[Round "4.2"]
[White "Stips, Felix"]
[Black "Schelle, Artur"]
[Result "1-0"]
[WhiteElo "2315"]
[BlackElo "2247"]
[PlyCount "41"]
[EventDate "2014.??.??"]
[WhiteTeam "TSV Bindlach Aktionär-Schachabte"]
[BlackTeam "SC Tarrasch 45 München"]

1. Nf3 g6 2. d4 d6 3. g3 Bg7 4. Bg2 Nf6 5. O-O O-O 6. a4 Nc6 7. a5 a6 8. d5 Nb8
9. c4 c6 10. Nc3 cxd5 11. cxd5 Bg4 12. Nd2 b5 13. axb6 Qxb6 14. Nc4 Qc7 15. Na5
Qc8 16. Na4 Qc7 17. Bd2 Rc8 18. Rc1 Qd8 19. Rxc8 Bxc8 20. Qb3 Bd7 21. Qb7 1-0

[Event "Bayerische EM 2014 Allg. Gruppe"]
[Site "Westerndorf St. Peter/Rosenheim"]
[Date "2014.08.25"]
[Round "4.3"]
[White "Hilverda, Alexander"]
[Black "Pohl-Kuemmel, Jens-Uwe"]
[Result "1-0"]
[WhiteElo "2301"]
[BlackElo "2270"]
[PlyCount "59"]
[EventDate "2014.??.??"]
[WhiteTeam "SC Erlangen 48/88"]
[BlackTeam "TSV Wacker Neutraubling"]

1. Nf3 d6 2. d4 Bg4 3. c4 Nd7 4. Nc3 Ngf6 5. g3 Bxf3 6. exf3 c6 7. Bg2 e6 8. d5
cxd5 9. cxd5 e5 10. O-O Be7 11. f4 O-O 12. fxe5 Nxe5 13. Be3 Nc4 14. Bd4 Ne8
15. Qe2 Nb6 16. a4 Nd7 17. Qb5 Qc7 18. Rac1 a6 19. Qb3 Nc5 20. Qc4 a5 21. Rfe1
Bf6 22. Bxf6 Nxf6 23. Nb5 Qd7 24. Nxd6 Nxa4 25. Nxb7 Nxb2 26. Qb3 Na4 27. d6
Rfe8 28. Rxe8+ Rxe8 29. Bc6 Qh3 30. Bxe8 1-0

[Event "Bayerische EM 2014 Allg. Gruppe"]
[Site "Westerndorf St. Peter/Rosenheim"]
[Date "2014.08.25"]
[Round "4.4"]
[White "Knechtel, Roland"]
[Black "Wagner, Florian"]
[Result "1-0"]
[WhiteElo "2227"]
[BlackElo "2215"]
[PlyCount "101"]
[EventDate "2014.??.??"]
[WhiteTeam "SV Röhrnbach e.V."]
[BlackTeam "SC Noris-Tarrasch Nürnberg 1873"]

1. d4 Nf6 2. Nf3 c5 3. d5 e6 4. Nc3 exd5 5. Nxd5 Nxd5 6. Qxd5 Be7 7. Bf4 O-O 8.
O-O-O Nc6 9. e4 Qa5 10. Bd2 Qc7 11. h4 d6 12. Bc4 Ne5 13. Nxe5 dxe5 14. Qd3 Rb8
15. h5 b5 16. Bd5 Kh8 17. Qg3 Bf6 18. h6 g6 19. f4 b4 20. f5 Ba6 21. fxg6 fxg6
22. c3 bxc3 23. Bxc3 Qe7 24. Kb1 Bb5 25. Rd2 Rbe8 26. b3 Bg5 27. Rf2 Rxf2 28.
Qxf2 a6 29. Qg3 Bd7 30. Rf1 Bxh6 31. Rf7 Qd6 32. Bxe5+ Qxe5 33. Qxe5+ Rxe5 34.
Rxd7 Bd2 35. a3 Rg5 36. Re7 Rxg2 37. e5 Rg1+ 38. Kc2 Bg5 39. Re8+ Kg7 40. Rg8+
Kh6 41. e6 Be7 42. Re8 Bf6 43. Ra8 Kg5 44. Rxa6 h5 45. Ra7 Re1 46. a4 Bd8 47.
a5 Re5 48. Bc4 h4 49. a6 Bb6 50. Rh7 Re4 51. e7 1-0

[Event "Bayerische EM 2014 Allg. Gruppe"]
[Site "Westerndorf St. Peter/Rosenheim"]
[Date "2014.08.25"]
[Round "4.5"]
[White "Bintakies, Michael"]
[Black "Heimrath, Reiner"]
[Result "1-0"]
[WhiteElo "2215"]
[BlackElo "2192"]
[PlyCount "135"]
[EventDate "2014.??.??"]
[WhiteTeam "SK Kriegshaber"]
[BlackTeam "SC Noris-Tarrasch Nürnberg 1873"]

1. f4 d6 2. Nf3 Nd7 3. e4 c5 4. Nc3 a6 5. a4 e6 6. Be2 Qc7 7. O-O Ngf6 8. Kh1
b6 9. d3 Bb7 10. Be3 Be7 11. Qd2 O-O 12. Bg1 Bc6 13. Nd1 b5 14. axb5 axb5 15.
Ne3 d5 16. e5 d4 17. exf6 dxe3 18. Bxe3 Bxf6 19. d4 c4 20. Ne5 Bd5 21. Bf3 Nb6
22. Qe2 Qd6 23. c3 b4 24. Bxd5 exd5 25. Qf3 Ra4 26. Rxa4 Nxa4 27. Bc1 bxc3 28.
bxc3 Rb8 29. Bd2 h6 30. Ra1 Rb3 31. h3 Nb6 32. Ra7 Bxe5 33. fxe5 Qg6 34. Re7
Rb2 35. Bc1 Rb1 36. Qf4 Qg5 37. Qxf7+ Kh7 38. Kh2 Rxc1 39. Re8 Rc2 40. Qg8+ Kg6
41. Re6+ Kh5 42. Qf7+ Kh4 43. Qf3 Na4 44. Rd6 Rxc3 45. Qf2+ Qg3+ 46. Qxg3+ Rxg3
47. Rxd5 Re3 48. e6 Nc3 49. g3+ Rxg3 50. Re5 Rxh3+ 51. Kg2 Rg3+ 52. Kf2 Rg4 53.
Ke3 Rg3+ 54. Kd2 Nb1+ 55. Kc1 Rg1+ 56. Kc2 Na3+ 57. Kb2 c3+ 58. Kxc3 Rg3+ 59.
Kb4 Nc2+ 60. Kc4 Na3+ 61. Kc5 Nb1 62. e7 Rc3+ 63. Kb4 Rc8 64. e8=Q Rxe8 65.
Rxe8 Nd2 66. d5 Nf3 67. d6 Ng5 68. Re7 1-0

[Event "Bayerische EM 2014 Allg. Gruppe"]
[Site "Westerndorf St. Peter/Rosenheim"]
[Date "2014.08.25"]
[Round "4.6"]
[White "Lavrinenkov, Vadim"]
[Black "Grawe, Christian"]
[Result "1-0"]
[WhiteElo "2178"]
[BlackElo "2214"]
[PlyCount "69"]
[EventDate "2014.??.??"]
[WhiteTeam "SK Kriegshaber"]
[BlackTeam "Schachklub Germering e. V."]

1. d4 Nf6 2. Nf3 d5 3. c4 c6 4. Nc3 dxc4 5. a4 Bf5 6. e3 e6 7. Bxc4 Bb4 8. O-O
O-O 9. Qb3 Qe7 10. Re1 c5 11. dxc5 Nc6 12. Bb5 Bxc5 13. Bxc6 bxc6 14. e4 Bg4
15. e5 Nd5 16. Bg5 f6 17. exf6 gxf6 18. Nxd5 cxd5 19. Bf4 Qf7 20. Rac1 Rac8 21.
Rxc5 Rxc5 22. Bd6 Rc4 23. Bxf8 Qxf8 24. h3 Bf5 25. Qe3 Qb4 26. Qxa7 Qxb2 27. a5
Qc3 28. a6 Rc8 29. Qb7 Be4 30. Re3 Qc7 31. Rb3 e5 32. Qxc7 Rxc7 33. Rb8+ Kf7
34. Rb7 Re7 35. Nd2 1-0

[Event "Bayerische EM 2014 Allg. Gruppe"]
[Site "Westerndorf St. Peter/Rosenheim"]
[Date "2014.08.25"]
[Round "4.7"]
[White "Woitylak, Steffen"]
[Black "Prediger, Rupert"]
[Result "0-1"]
[WhiteElo "1921"]
[BlackElo "2253"]
[PlyCount "84"]
[EventDate "2014.??.??"]
[WhiteTeam "TV 1862 Geiselhöring"]
[BlackTeam "SG Pang-Rosenheim 1910 e.V."]

1. Nf3 c5 2. b3 d5 3. Bb2 Nf6 4. e3 Nc6 5. Bd3 a6 6. a4 Bg4 7. h3 Bh5 8. Be2 e6
9. Ne5 Bxe2 10. Qxe2 Nb4 11. Na3 Be7 12. O-O O-O 13. Rac1 Qb6 14. Rfd1 Nc6 15.
Rb1 Qc7 16. d4 Bd6 17. Nf3 cxd4 18. exd4 Qe7 19. Ra1 Ne4 20. Nb1 f5 21. Nbd2
Rf6 22. Ne5 Bb4 23. Nb1 Raf8 24. c3 Bd6 25. c4 Qc7 26. f3 Ng3 27. Qe1 f4 28.
cxd5 exd5 29. Nc3 Ne7 30. Rac1 Qd8 31. Ng4 Rg6 32. Qd2 Bb4 33. Qd3 Qd6 34. Na2
Nc6 35. Ne5 Re6 36. Rc2 Rfe8 37. Rcc1 Ba3 38. Qd2 Bxb2 39. Qxb2 Nxd4 40. Rxd4
Rxe5 41. Kh2 Ne2 42. Nb4 Qg6 0-1

[Event "Bayerische EM 2014 Allg. Gruppe"]
[Site "Westerndorf St. Peter/Rosenheim"]
[Date "2014.08.25"]
[Round "4.8"]
[White "Straub, Jürgen"]
[Black "Michalek, Michal"]
[Result "1-0"]
[WhiteElo "2201"]
[BlackElo "2153"]
[PlyCount "59"]
[EventDate "2014.??.??"]
[WhiteTeam "SK Ingolstadt"]
[BlackTeam "SV Seubelsdorf"]

1. c4 c6 2. Nf3 d5 3. e3 Nf6 4. Nc3 g6 5. d4 Bg7 6. Bd3 O-O 7. O-O a6 8. b3 b5
9. Bb2 Bf5 10. Ne5 Bxd3 11. Qxd3 Qb6 12. a4 b4 13. a5 Qc7 14. Ne2 Nbd7 15. Rfc1
Qb7 16. cxd5 cxd5 17. Nc6 e6 18. Ra4 Rfb8 19. Rxb4 Qxb4 20. Nxb4 Rxb4 21. Ba3
Rb5 22. b4 Ne4 23. Rc6 Bf8 24. Rxa6 Rab8 25. f3 Nd6 26. Ra7 Nf6 27. Nc3 Rxb4
28. Bxb4 Rxb4 29. a6 Nc4 30. Rb7 1-0

[Event "Bayerische EM 2014 Allg. Gruppe"]
[Site "Westerndorf St. Peter/Rosenheim"]
[Date "2014.08.25"]
[Round "4.9"]
[White "Lederle, Vitus"]
[Black "Probst, Albert"]
[Result "1-0"]
[WhiteElo "2200"]
[BlackElo "2102"]
[PlyCount "63"]
[EventDate "2014.??.??"]
[WhiteTeam "SC Dillingen"]
[BlackTeam "SK Bruckmühl e.V."]

1. e4 g6 2. d4 Bg7 3. Nc3 d6 4. Be3 Nd7 5. Nf3 Ngf6 6. h3 O-O 7. e5 Ne8 8. e6
fxe6 9. Ng5 Ndf6 10. Bd3 Nd5 11. Nxd5 exd5 12. Nxh7 Kxh7 13. Qh5+ Kg8 14. Qxg6
Nf6 15. Bh6 Rf7 16. g4 Qf8 17. f3 Kh8 18. Bd2 Qg8 19. g5 Nh7 20. Qh5 Bxd4 21.
g6 Rg7 22. O-O-O Bd7 23. Bh6 Nf6 24. Qh4 Bb6 25. Bd2+ Nh7 26. gxh7 Qf7 27. Rde1
e5 28. Bg5 Qxf3 29. Bf6 Be3+ 30. Kb1 Qf4 31. Bxg7+ Kxg7 32. Qe7+ 1-0

[Event "Bayerische EM 2014 Allg. Gruppe"]
[Site "Westerndorf St. Peter/Rosenheim"]
[Date "2014.08.25"]
[Round "4.10"]
[White "Zill, Christoph"]
[Black "Stadler, Alexander"]
[Result "1-0"]
[WhiteElo "2182"]
[BlackElo "2109"]
[PlyCount "113"]
[EventDate "2014.??.??"]
[WhiteTeam "SK Freising"]
[BlackTeam "SV Röhrnbach e.V."]

1. e4 d6 2. Nc3 Nf6 3. Nf3 e5 4. h3 Be7 5. d4 exd4 6. Nxd4 O-O 7. Bd3 c5 8. Nf3
Re8 9. O-O Nc6 10. Re1 Ne5 11. Nxe5 dxe5 12. Bg5 Be6 13. Bxf6 Bxf6 14. Qe2 Bg5
15. Rad1 Qf6 16. Bc4 Qh6 17. Bxe6 fxe6 18. Rd6 Rf8 19. Red1 Bh4 20. f3 g5 21.
g4 Qf6 22. Nd5 Qxf3 23. Ne7+ Kg7 24. Qxf3 Rxf3 25. Rxe6 Kf7 26. Rxe5 Rg3+ 27.
Kh2 Kf6 28. Nf5 Rxh3+ 29. Kxh3 Kxe5 30. Rd5+ Kxe4 31. Rxc5 Bf2 32. Nd6+ Kf3 33.
Rxg5 Rd8 34. Rf5+ Ke2 35. Rf6 Bd4 36. Re6+ Kd1 37. c3 Bc5 38. Nxb7 Rd3+ 39. Kg2
Bb6 40. Rd6 Rxd6 41. Nxd6 Kc2 42. Nc4 Kb1 43. a4 Bc7 44. Kf3 Kc2 45. Ke4 Kb3
46. Kd3 Bh2 47. a5 Bg1 48. a6 h6 49. Nd6 Bc5 50. Nf5 Bf8 51. c4 Kb4 52. Kd4 Ka5
53. c5 Kxa6 54. Nd6 Bg7+ 55. Kd5 Bxb2 56. c6 Kb6 57. Nc4+ 1-0

[Event "Bayerische EM 2014 Allg. Gruppe"]
[Site "Westerndorf St. Peter/Rosenheim"]
[Date "2014.08.25"]
[Round "4.11"]
[White "Shashkin, Igor"]
[Black "Kunz, Konstantin"]
[Result "1-0"]
[WhiteElo "2115"]
[BlackElo "2235"]
[PlyCount "67"]
[EventDate "2014.??.??"]
[WhiteTeam "PTSV SK Hof 1892"]
[BlackTeam "SC Kitzingen von 1905"]

1. e4 c5 2. Nf3 e6 3. d4 cxd4 4. c3 Nf6 5. e5 Nd5 6. cxd4 d6 7. Bc4 Nc6 8. Qe2
Be7 9. O-O O-O 10. a3 b6 11. Qe4 Bb7 12. Bd3 g6 13. Bh6 Re8 14. h4 Bf8 15. Bxf8
Rxf8 16. h5 dxe5 17. dxe5 Qe7 18. Re1 Rae8 19. Qa4 a6 20. Nbd2 b5 21. Qb3 Nf4
22. Ne4 Nxh5 23. Rad1 Na5 24. Qc3 Bxe4 25. Rxe4 Nb7 26. Rd4 Rd8 27. Be4 Rxd4
28. Rxd4 Nc5 29. Bc2 Qa7 30. Qd2 Ng7 31. b4 Na4 32. Rd7 Qb8 33. Qh6 Rd8 34. Ng5
1-0

[Event "Bayerische EM 2014 Allg. Gruppe"]
[Site "Westerndorf St. Peter/Rosenheim"]
[Date "2014.08.25"]
[Round "4.12"]
[White "Basener, Winfried"]
[Black "Taggatz, Mario"]
[Result "0-1"]
[WhiteElo "2146"]
[BlackElo "2231"]
[PlyCount "102"]
[EventDate "2014.??.??"]
[WhiteTeam "SC Neuhausen 1908"]
[BlackTeam "SC Gröbenzell"]

1. d4 e6 2. c4 f5 3. g3 Nf6 4. Bg2 Be7 5. Nc3 O-O 6. e3 d6 7. Nh3 e5 8. Ng5 e4
9. h4 c6 10. Bd2 Na6 11. Ne2 Ng4 12. Nh3 Be6 13. Qc2 b5 14. b3 bxc4 15. bxc4 c5
16. Nef4 Bf7 17. Qa4 Qc8 18. d5 Ne5 19. O-O Nc7 20. Bc3 h6 21. Rfd1 Bf6 22. h5
Be8 23. Qc2 Qa6 24. Bxe5 Bxe5 25. Rab1 Ba4 26. Qe2 Bxd1 27. Rxd1 Rab8 28. g4
Rb2 29. Qf1 fxg4 30. Bxe4 gxh3 31. Nxh3 Qc8 32. Qg2 Qe8 33. Qg4 Qc8 34. Qg2 Qd7
35. Rf1 Qf7 36. Qg4 Ne8 37. Bg6 Qe7 38. Bf5 Rxf5 39. Qxf5 Qf7 40. Qg4 Nf6 41.
Qc8+ Qe8 42. Qf5 Qxh5 43. Qe6+ Qf7 44. f4 Bc3 45. Qc8+ Kh7 46. Rf3 Qg6+ 47.
Ng5+ hxg5 48. Rh3+ Nh5 49. f5 Qf7 50. e4 Bd4+ 51. Kf1 g4 0-1

[Event "Bayerische EM 2014 Allg. Gruppe"]
[Site "Westerndorf St. Peter/Rosenheim"]
[Date "2014.08.25"]
[Round "4.13"]
[White "Graf, Christian"]
[Black "Blodig, Constantin"]
[Result "0-1"]
[WhiteElo "2158"]
[BlackElo "1939"]
[PlyCount "54"]
[EventDate "2014.??.??"]
[WhiteTeam "SU Ebersberg-Grafing"]
[BlackTeam "SK Kelheim 1920"]

1. e4 e5 2. Nf3 Nc6 3. Bb5 Bc5 4. c3 Nf6 5. O-O O-O 6. d4 Bb6 7. dxe5 Nxe4 8.
Qd5 Nc5 9. Bg5 Ne7 10. Qd1 Ne4 11. Bd3 d5 12. exd6 Nxd6 13. Qc2 h6 14. Bh4 g5
15. Bg3 Bf5 16. Bxd6 Bxd3 17. Qxd3 Nc8 18. Na3 Nxd6 19. Ne5 Re8 20. Ng4 Kg7 21.
Nc2 Ne4 22. Rad1 Qxd3 23. Rxd3 Rad8 24. Rxd8 Rxd8 25. Nge3 Rd2 26. Rd1 Rxf2 27.
g4 Rxc2 0-1

[Event "Bayerische EM 2014 Allg. Gruppe"]
[Site "Westerndorf St. Peter/Rosenheim"]
[Date "2014.08.25"]
[Round "4.14"]
[White "Braun, Thomas"]
[Black "Höller, Armin"]
[Result "1-0"]
[WhiteElo "2151"]
[BlackElo "2035"]
[PlyCount "57"]
[EventDate "2014.??.??"]
[WhiteTeam "FC Bayern München e.V."]
[BlackTeam "SK Weilheim"]

1. d4 f5 2. Nf3 Nf6 3. g3 e6 4. Bg2 d5 5. c4 c6 6. O-O Bd6 7. b3 Qe7 8. Bb2 O-O
9. Nbd2 Ne4 10. Ne1 Nd7 11. Nd3 b6 12. f3 Nef6 13. e4 dxc4 14. Nxc4 Ne8 15. e5
Bc7 16. f4 b5 17. Ba3 Qd8 18. Nb4 Nb8 19. Nxc6 Nxc6 20. Bxc6 Rb8 21. Bxf8 Kxf8
22. Ne3 Bb6 23. Nc2 b4 24. Kg2 a5 25. d5 Ba6 26. Re1 Rc8 27. Rc1 exd5 28. Nd4
Nc7 29. e6 1-0

[Event "Bayerische EM 2014 Allg. Gruppe"]
[Site "Westerndorf St. Peter/Rosenheim"]
[Date "2014.08.25"]
[Round "4.15"]
[White "Lochte, Thomas"]
[Black "Wilfert, André"]
[Result "1/2-1/2"]
[WhiteElo "2108"]
[BlackElo "2065"]
[PlyCount "36"]
[EventDate "2014.??.??"]
[WhiteTeam "SK Weilheim"]
[BlackTeam "1.FC Marktleuthen"]

1. e4 c5 2. d4 cxd4 3. c3 d5 4. exd5 Nf6 5. Bb5+ Bd7 6. Bc4 dxc3 7. Nxc3 g6 8.
Qb3 Qc8 9. Bf4 Na6 10. d6 e6 11. Nb5 Bg7 12. Nc7+ Nxc7 13. dxc7 O-O 14. Nf3 Ne8
15. Rc1 Bc6 16. Ba6 Bd5 17. Bc4 Bxf3 18. Qxf3 e5 1/2-1/2

[Event "Bayerische EM 2014 Allg. Gruppe"]
[Site "Westerndorf St. Peter/Rosenheim"]
[Date "2014.08.26"]
[Round "5.1"]
[White "Berchtenbreiter, Maximilian"]
[Black "Stips, Felix"]
[Result "1/2-1/2"]
[WhiteElo "2412"]
[BlackElo "2315"]
[PlyCount "51"]
[EventDate "2014.??.??"]
[WhiteTeam "SG Pang-Rosenheim 1910 e.V."]
[BlackTeam "TSV Bindlach Aktionär-Schachabte"]

1. e4 d5 2. exd5 Qxd5 3. Nc3 Qd6 4. g3 Nf6 5. Bg2 c6 6. d4 Bf5 7. Nge2 e6 8.
Bf4 Qd8 9. h3 Bd6 10. Qd2 Na6 11. a3 Bxf4 12. Nxf4 Nc7 13. g4 Bg6 14. O-O-O Qd6
15. h4 Nxg4 16. Nxg6 fxg6 17. Ne4 Qf8 18. Bh3 Nf6 19. Ng5 O-O-O 20. Rhe1 Kb8
21. Bxe6 Nfd5 22. Bxd5 Rxd5 23. Re5 h6 24. Nh3 Qf6 25. Nf4 Rd7 26. h5 1/2-1/2

[Event "Bayerische EM 2014 Allg. Gruppe"]
[Site "Westerndorf St. Peter/Rosenheim"]
[Date "2014.08.26"]
[Round "5.2"]
[White "Lavrinenkov, Vadim"]
[Black "Hilverda, Alexander"]
[Result "0-1"]
[WhiteElo "2178"]
[BlackElo "2301"]
[PlyCount "76"]
[EventDate "2014.??.??"]
[WhiteTeam "SK Kriegshaber"]
[BlackTeam "SC Erlangen 48/88"]

1. d4 d5 2. Nf3 Nf6 3. c4 c6 4. Nc3 dxc4 5. a4 Bf5 6. e3 e6 7. Bxc4 Bb4 8. O-O
O-O 9. Bd3 Bg4 10. Qb3 Qe7 11. Ne5 c5 12. dxc5 a5 13. Nxg4 Nxg4 14. Nb5 Nd7 15.
Qc2 Qh4 16. h3 Nge5 17. b3 Rac8 18. Be2 Nxc5 19. Qb1 Rfd8 20. Bb2 Ng6 21. Bd4
Ne4 22. Ra2 Nd2 23. Rxd2 Bxd2 24. Bf3 Qe7 25. Qb2 Bb4 26. Bxg7 e5 27. Bh6 Qh4
28. Bxb7 Rb8 29. Bf3 Qxh6 30. Qc2 Rbc8 31. Qf5 Nh4 32. Qg4+ Kh8 33. Bb7 Rb8 34.
Be4 Rg8 35. Qd7 Rg7 36. Qc7 Rbg8 37. Bd5 e4 38. Bxe4 f5 0-1

[Event "Bayerische EM 2014 Allg. Gruppe"]
[Site "Westerndorf St. Peter/Rosenheim"]
[Date "2014.08.26"]
[Round "5.3"]
[White "Bintakies, Michael"]
[Black "Knechtel, Roland"]
[Result "0-1"]
[WhiteElo "2215"]
[BlackElo "2227"]
[PlyCount "44"]
[EventDate "2014.??.??"]
[WhiteTeam "SK Kriegshaber"]
[BlackTeam "SV Röhrnbach e.V."]

1. f4 c5 2. Nf3 g6 3. e4 Bg7 4. Be2 Nc6 5. O-O d6 6. d3 b5 7. Nc3 Rb8 8. Nd5 e6
9. Ne3 Nge7 10. c3 b4 11. d4 bxc3 12. bxc3 cxd4 13. cxd4 O-O 14. Ba3 Nb4 15.
Rb1 a5 16. Qd2 Bb7 17. Bxb4 axb4 18. e5 Bxf3 19. Rxf3 dxe5 20. fxe5 Bxe5 21.
Rxb4 Rxb4 22. Qxb4 Bxd4 0-1

[Event "Bayerische EM 2014 Allg. Gruppe"]
[Site "Westerndorf St. Peter/Rosenheim"]
[Date "2014.08.26"]
[Round "5.4"]
[White "Pohl-Kuemmel, Jens-Uwe"]
[Black "Straub, Jürgen"]
[Result "1/2-1/2"]
[WhiteElo "2270"]
[BlackElo "2201"]
[PlyCount "119"]
[EventDate "2014.??.??"]
[WhiteTeam "TSV Wacker Neutraubling"]
[BlackTeam "SK Ingolstadt"]

1. d4 Nf6 2. Nf3 e6 3. g3 b6 4. Bg2 Bb7 5. O-O Be7 6. c4 O-O 7. Nc3 Ne4 8. Bd2
Nxd2 9. Qxd2 d5 10. Qc2 Nd7 11. cxd5 exd5 12. Rfd1 Re8 13. e3 a6 14. Rac1 Bd6
15. Ne1 Nf6 16. Qb3 c6 17. Nd3 Bc7 18. Ne2 a5 19. a4 Rb8 20. Qc2 Qe7 21. Nef4
Bd6 22. Qb3 Ba8 23. Rc2 Ne4 24. Rdc1 g5 25. Ne2 c5 26. Qb5 c4 27. Ne5 Bxe5 28.
Bxe4 Qe6 29. dxe5 Bc6 30. Qa6 Bb7 31. Qa7 dxe4 32. Nd4 Qxe5 33. Qxb6 Bd5 34.
Qxa5 Ra8 35. Qb4 Reb8 36. Nb5 Be6 37. Qc3 Qxc3 38. Nxc3 f5 39. Rd1 Rb3 40. g4
fxg4 41. Nxe4 Rd3 42. Rcd2 Rxd2 43. Rxd2 Rxa4 44. Nxg5 Bf5 45. e4 Bg6 46. Rd4
Rb4 47. Kg2 Kg7 48. Kg3 Kf6 49. f4 gxf3 50. Nxf3 Rxb2 51. Rxc4 Re2 52. Kf4 Bh5
53. Rc6+ Kg7 54. Rc7+ Kg8 55. Nd4 Rxh2 56. Nf5 Bg6 57. Nd6 Rf2+ 58. Ke5 h5 59.
Nf5 Bxf5 60. exf5 1/2-1/2

[Event "Bayerische EM 2014 Allg. Gruppe"]
[Site "Westerndorf St. Peter/Rosenheim"]
[Date "2014.08.26"]
[Round "5.5"]
[White "Prediger, Rupert"]
[Black "Zill, Christoph"]
[Result "1-0"]
[WhiteElo "2253"]
[BlackElo "2182"]
[PlyCount "43"]
[EventDate "2014.??.??"]
[WhiteTeam "SG Pang-Rosenheim 1910 e.V."]
[BlackTeam "SK Freising"]

1. e4 e6 2. d4 d5 3. Nc3 Nf6 4. Bg5 Bb4 5. e5 h6 6. Bd2 Bxc3 7. bxc3 Ne4 8. Qg4
g6 9. Bc1 c5 10. Bd3 h5 11. Qf4 Qa5 12. Ne2 Nd7 13. Bxe4 dxe4 14. O-O Qa4 15.
Ng3 Qxc2 16. Nxe4 Rf8 17. Ba3 b6 18. dxc5 g5 19. Qe3 Ba6 20. c6 Bxf1 21. cxd7+
Kxd7 22. Bxf8 1-0

[Event "Bayerische EM 2014 Allg. Gruppe"]
[Site "Westerndorf St. Peter/Rosenheim"]
[Date "2014.08.26"]
[Round "5.6"]
[White "Wagner, Florian"]
[Black "Schmid, Roland"]
[Result "0-1"]
[WhiteElo "2215"]
[BlackElo "2252"]
[PlyCount "58"]
[EventDate "2014.??.??"]
[WhiteTeam "SC Noris-Tarrasch Nürnberg 1873"]
[BlackTeam "TSV Wacker Neutraubling"]

1. Nf3 d5 2. c4 c6 3. b3 Nf6 4. Bb2 Bg4 5. e3 e6 6. Be2 Bd6 7. O-O O-O 8. d3
Re8 9. Nbd2 e5 10. c5 Bc7 11. e4 Na6 12. Qc2 Ba5 13. Rfd1 Bb4 14. d4 Bxd2 15.
dxe5 Nxe4 16. Bxa6 bxa6 17. Nxd2 Bxd1 18. Rxd1 Nxd2 19. Rxd2 Qa5 20. a3 Rab8
21. b4 Qb5 22. Bc3 a5 23. f4 axb4 24. axb4 a5 25. Rd4 axb4 26. Bxb4 Ra8 27. Bd2
Ra1+ 28. Kf2 Qf1+ 29. Kg3 Ra3+ 0-1

[Event "Bayerische EM 2014 Allg. Gruppe"]
[Site "Westerndorf St. Peter/Rosenheim"]
[Date "2014.08.26"]
[Round "5.7"]
[White "Schelle, Artur"]
[Black "Lederle, Vitus"]
[Result "0-1"]
[WhiteElo "2247"]
[BlackElo "2200"]
[PlyCount "76"]
[EventDate "2014.??.??"]
[WhiteTeam "SC Tarrasch 45 München"]
[BlackTeam "SC Dillingen"]

1. e4 c5 2. Nc3 Nc6 3. g3 g6 4. Bg2 Bg7 5. d3 d6 6. Be3 e5 7. Qd2 Nge7 8. f4
Nd4 9. fxe5 dxe5 10. Nf3 Bh3 11. O-O Bxg2 12. Kxg2 O-O 13. Rf2 Qd7 14. Bh6 f6
15. Raf1 Rad8 16. Bxg7 Kxg7 17. b3 b6 18. Nd1 Nec6 19. Nh4 Rf7 20. Ne3 Ne7 21.
h3 h5 22. a4 Ne6 23. Nf3 Rdf8 24. Nc4 Nc6 25. h4 Ned4 26. Ne3 Ne7 27. Kh2 Qe6
28. a5 Nxf3+ 29. Rxf3 f5 30. axb6 axb6 31. Qc3 Kh7 32. Qc4 Qc6 33. b4 f4 34.
Kg2 cxb4 35. Qxb4 b5 36. c4 Qe6 37. Nd5 Nc6 38. cxb5 Nxb4 0-1